La universidad en el mundo : planteamientos varios en torno a la propuesta de adición del apartado "C" al artículo 123 de la Constitución Política de los Estados Unidos Mexicanos /
Gardado en:
| Formato: | Libro |
|---|---|
| Idioma: | Lingua castelá |
| Temas: | |
| Etiquetas: |
Sen Etiquetas, Sexa o primeiro en etiquetar este rexistro!
|
MARC
| LEADER | 00000nam^a2200000^a^4500 | ||
|---|---|---|---|
| 001 | 000092858 | ||
| 005 | 20250521000000.0 | ||
| 009 | 20260310092739.065 | ||
| 037 | |a Acervo ITESO - Biblioteca | ||
| 041 | |a ESP | ||
| 082 | |a 378. 005 |b UNI | ||
| 240 | 1 | 4 | |a [La universidad en el mundo] |
| 245 | 1 | 3 | |a La universidad en el mundo : |b planteamientos varios en torno a la propuesta de adición del apartado "C" al artículo 123 de la Constitución Política de los Estados Unidos Mexicanos / |
| 264 | |a México : |b UNAM, |c 1977 | ||
| 300 | |a 1 v. (varias paginaciones) | ||
| 336 | |a texto |b txt |2 rdacontenido | ||
| 337 | |a sin mediación |b n |2 rdamedio | ||
| 338 | |a volumen |b nc |2 rdasoporte | ||
| 649 | |a XX | ||
| 650 | |a Personal Escolar - |x Condiciones Laborales | ||
| 650 | |a Relaciones Empleado-Empleador | ||
| 650 | |a Derecho Constitucional - |z México | ||
| 650 | |a Educación Superior - |z México - |x Leyes y Reglamentos | ||
| 650 | |a Educación Pública - |z México - |x Leyes y Reglamentos | ||
| 650 | |a Educación Superior - |x Publicaciones Periódicas Mexicanas | ||
| 910 | |a Fondo General | ||
| 920 | |a Impresos - Libros | ||
| 930 | |a Colección General | ||
| 905 | |a 101 | ||
| 901 | |a 0500027979 |b IT1 |c ACC |u 20250521 | ||
| 902 | |a https://opac.biblio.iteso.mx/vufind/Record/000092858 | ||